LIBRARY & INFORMATION CENTRE, KCAET, TAVANUR

ONLINE PUBLIC ACCESS CATALOGUE (OPAC)

Jeevaprapancham / (Record no. 4389)

MARC details
000 -LEADER
fixed length control field 00404cam a2200169ua 4500
041 ## - LANGUAGE CODE
Language code of text/sound track or separate title mal
082 ## - DEWEY DECIMAL CLASSIFICATION NUMBER
Classification number 577
Item number BHU/JE
100 ## - MAIN ENTRY--AUTHOR NAME
Personal name Bhuvaneswari, K .
245 ## - TITLE STATEMENT
Title Jeevaprapancham /
260 ## - PUBLICATION, DISTRIBUTION, ETC. (IMPRINT)
Place of publication Kodungallur :
Name of publisher Kerala Book House ,
Year of publication 1963.
300 ## - PHYSICAL DESCRIPTION
Number of Pages 248 ; .
942 ## - ADDED ENTRY ELEMENTS (KOHA)
Koha item type Books
Holdings
Withdrawn status Lost status Damaged status Home library Current library Date acquired Full call number Accession Number Koha item type
Withdrawn     KAUAET Malayalam University 07/04/2012 577 10654 Books
free website counter